| 000 | 01003cam a2200277 a 4500 | ||
|---|---|---|---|
| 999 |
_c6447 _d6447 |
||
| 001 | 4788908 | ||
| 003 | OSt | ||
| 005 | 20190116201004.0 | ||
| 008 | 870714s1988 ilu b 011 0 eng | ||
| 010 | _a 87071892 | ||
| 020 | _a0891074902 | ||
| 020 | _a0891074686 (pbk.) | ||
| 040 |
_aDLC _cDLC _dDLC |
||
| 050 | 0 | 0 |
_aBS2387 _b.C66 1988 |
| 082 | 0 | 0 |
_a220 _220 _bF299c |
| 245 | 0 | 0 |
_aContinuity and discontinuity : _bperspectives on the relationship between the Old and New Testaments : essays in honor of S. Lewis Johnson, Jr. / _cJohn S. Feinberg, editor. |
| 260 |
_aWestchester, Ill. : _bCrossway Books, _c1988. |
||
| 300 |
_axiii, 410 p. ; _c24 cm. |
||
| 504 | _aIncludes bibliographical references (p. [325]-388) and indexes. | ||
| 630 | 0 | 0 |
_aBible. _pNew Testament _xRelation to the Old Testament. |
| 700 | 1 |
_aJohnson, S. Lewis, _d1915- |
|
| 700 | 1 |
_aFeinberg, John S., _d1946- |
|
| 906 |
_a7 _bcbc _corignew _d2 _eopcn _f19 _gy-gencatlg |
||
| 942 |
_2ddc _cBK |
||